000 00768nam a2200241Ia 4500
003 OSt
005 20220923215029.0
006 a|||||r|||| 00| 0
007 ta
008 220922b |||||||| |||| 00| 0 hin d
024 _a175,044
037 _cTextual
040 _aARTS
_cARTS
_bhin
041 _2hin
_ahin
082 _aO152:g, J0
100 _aद्वीवेदी, हजारी प्रसाद
245 0 _aहिन्दी साहित्य की भूमिका
246 _aHindī sāhitya kī bhūmikā
260 _c1948
650 _aहिन्दी साहित्य
_9156264
942 _hO152:g, J0
_cTEXL
_2CC
999 _c328748
_d328748